Propuesta de implementación de la metodología de programación extrema en la gestión de los sistemas de información en la Unidad de Sistemas Tributarios de la Dirección General de Ingreso
El presente estudio tiene la finalidad de proponer una mejora en el proceso de gestión de los proyectos de desarrollo informático de la Unidad de Sistemas Tributarios de la Dirección General de Ingreso, mediante la implementación de la metodología de desarrollo ágil Programación Extrema, que...
| Main Author: | |
|---|---|
| Other Authors: | |
| Format: | Tesis Section = Libro |
| Language: | Undetermined Spanish |
| Published: |
Managua
UNI
2019
|
| Subjects: |
| LEADER | 01446nam a2200253Ia 4500 | ||
|---|---|---|---|
| 008 | 240830s9999 xx 000 0 und d | ||
| 040 | |a BIBLIOTECA-RUSB/ M.Mon 005.758 M547 | ||
| 041 | |a spa | ||
| 082 | |a M.Mon 005.758 M547 | ||
| 100 | 1 | |a Menocal Zamora, Estefan Antonio | |
| 245 | 1 | 0 | |a Propuesta de implementación de la metodología de programación extrema en la gestión de los sistemas de información en la Unidad de Sistemas Tributarios de la Dirección General de Ingreso |
| 260 | |a Managua |b UNI |c 2019 | ||
| 300 | |a 80 p. :il. | ||
| 500 | |a Contiene: anexos y CD. | ||
| 502 | |a Tesis (Máster en Informática Empresarial) - UNI, 2019. | ||
| 520 | 3 | |a El presente estudio tiene la finalidad de proponer una mejora en el proceso de gestión de los proyectos de desarrollo informático de la Unidad de Sistemas Tributarios de la Dirección General de Ingreso, mediante la implementación de la metodología de desarrollo ágil Programación Extrema, que permitirá que la gestión de los proyectos de desarrollo de sistemas, además se haga de una manera más ágil, planificada y estándar en todos los sistemas, además que estén documentados. | |
| 650 | 7 | |a PROGRAMACION EXTREMA | |
| 650 | 7 | |b INGENIERIA DE SOFTWARE | |
| 650 | 7 | |c PROGRAMAS PARA COMPUTADOR | |
| 650 | 7 | |d LENGUAJE DE PROGRAMACION PARA COMPUTADORAS | |
| 700 | 1 | |a Tutor: |b Herrera Treminio, Walger | |
| 942 | |c BK |2 ddc | ||
| 991 | |a TESIS | ||
| 999 | |c 19231 | ||